|
|
|
|
| LEADER |
00000caa a2200000 c 4500 |
| 001 |
1634265807 |
| 003 |
DE-627 |
| 005 |
20230427093502.0 |
| 007 |
tu |
| 008 |
150831s2015 xx ||||| 00| ||eng c |
| 035 |
|
|
|a (DE-627)1634265807
|
| 035 |
|
|
|a (DE-576)444807497
|
| 035 |
|
|
|a (DE-599)BSZ444807497
|
| 040 |
|
|
|a DE-627
|b ger
|c DE-627
|e rakwb
|
| 041 |
|
|
|a eng
|
| 100 |
1 |
|
|a Walters, Glenn D.
|d 1954-
|0 (DE-588)1046478354
|0 (DE-627)77649869X
|0 (DE-576)166629057
|4 aut
|
| 109 |
|
|
|a Walters, Glenn D. 1954-
|a Walters, Glenn 1954-
|
| 245 |
1 |
0 |
|a Criminal and substance involvement from adolescence to adulthood
|b precursors, mediators, and long-term effects
|c Glenn D. Walters
|
| 264 |
|
1 |
|c 2015
|
| 336 |
|
|
|a Text
|b txt
|2 rdacontent
|
| 337 |
|
|
|a ohne Hilfsmittel zu benutzen
|b n
|2 rdamedia
|
| 338 |
|
|
|a Band
|b nc
|2 rdacarrier
|
| 773 |
0 |
8 |
|i In
|t Justice quarterly
|d Abingdon, Oxfordshire : Routledge, 1984
|g 32(2015), 4, Seite 729-747
|w (DE-627)166984612
|w (DE-600)356637-7
|w (DE-576)015443914
|x 0741-8825
|7 nnas
|
| 773 |
1 |
8 |
|g volume:32
|g year:2015
|g number:4
|g pages:729-747
|
| 951 |
|
|
|a AR
|
| ELC |
|
|
|b 1
|
| LOK |
|
|
|0 000 xxxxxcx a22 zn 4500
|
| LOK |
|
|
|0 001 3289037290
|
| LOK |
|
|
|0 003 DE-627
|
| LOK |
|
|
|0 004 1634265807
|
| LOK |
|
|
|0 005 20250401112236
|
| LOK |
|
|
|0 008 150831||||||||||||||||ger|||||||
|
| LOK |
|
|
|0 040
|a DE-21-110
|c DE-627
|d DE-21-110
|
| LOK |
|
|
|0 689
|a s
|a Drug-crime relationship
|
| LOK |
|
|
|0 689
|a s
|a Antisocial cognition
|
| LOK |
|
|
|0 689
|a s
|a School problems
|
| LOK |
|
|
|0 689
|a s
|a Mediation
|
| LOK |
|
|
|0 852
|a DE-21-110
|
| LOK |
|
|
|0 852 1
|m p
|9 00
|
| LOK |
|
|
|0 938
|k p
|
| LOK |
|
|
|0 939
|a 31-08-15
|b l01
|
| ORI |
|
|
|a SA-MARC-krimdoka001.raw
|